Las tres comedias de Doña María Retazos (1821) / (Record no. 170487)

MARC details
000 -LEADER
campo de control de longitud fija 01412nam a2200241 i 4500
001 - NÚMERO DE CONTROL
campo de control 170487
003 - IDENTIFICADOR DE NÚMERO DE CONTROL
campo de control ES-MaACL
005 - FECHA Y HORA DE LA ÚLTIMA TRANSACCIÓN
campo de control 20250824073219.0
008 - DATOS DE LONGITUD FIJA--INFORMACIÓN GENERAL
campo de control de longitud fija 090310s1923 ag |||| | spa d
080 ## - NÚMERO DE LA CLASIFICACIÓN DECIMAL UNIVERSAL
Número de la Clasificación Decimal Universal 821.134.2 (82)-2"18"
100 1# - ENTRADA PRINCIPAL--NOMBRE DE PERSONA
Nombre de persona Castañeda, Francisco.
9 (RLIN) 139616
245 14 - MENCIÓN DEL TÍTULO
Título Las tres comedias de Doña María Retazos (1821) /
Mención de responsabilidad, etc. por el padre Francisco Castañeda ; [noticia por Narciso Binayán].
260 ## - PUBLICACIÓN, DISTRIBUCIÓN, ETC.
Lugar de publicación, distribución, etc. Buenos Aires :
Nombre del editor, distribuidor, etc. [s.n.],
Fecha de publicación, distribución, etc. 1923 (
Fabricante Imp. y Casa Editora "Coni")
300 ## - DESCRIPCIÓN FÍSICA
Extensión 3 h., p. [165]-208 ;
Dimensiones 23 cm.
490 1# - MENCIÓN DE SERIE
Mención de serie Sección de documentos. Primera serie. T. I: textos dramáticos en verso / Facultad de Filosofía y Letras de la Universidad de Buenos Aires, Instituto de Literatura Argentina ;
Designación de volumen o secuencia 5
505 8# - NOTA DE CONTENIDO CON FORMATO
Nota de contenido con formato Conriene: El frenesí político filosófico del siglo diecinueve, refutado por los siete periodistas. (p. 175-184). Progresos de Juan Santiago en Sud América (p. 185-195). Los solteros corregidos por la Excma. e Ilma. Comentadora y por su escudera Dª María Retazos (p. 196-208)
700 1# - ENTRADA AGREGADA--NOMBRE PERSONAL
Nombre de persona Binayán, Narciso.
9 (RLIN) 152219
710 2# - ENTRADA AGREGADA--NOMBRE DE ENTIDAD CORPORATIVA
Nombre de entidad corporativa o nombre de jurisdicción como elemento de entrada Universidad de Buenos Aires.
Unidad subordinada Instituto de Literatura Argentina.
9 (RLIN) 139614
830 00 - PUNTO DE ACCESO ADICIONAL DE SERIE-TÍTULO UNIFORME
Título uniforme Sección de documentos.
Nombre de parte o sección de la obra Primera serie.
-- Textos dramáticos en verso (Instituto de Literatura Argentina)
Designación de volumen o secuencia 5
9 (RLIN) 188932
852 ## - LOCALIZACIÓN
Ubicación ES-MaACL
Número de control de estantería C-6627(5)
Nota libre Enc. en un vol. facticio
942 ## - ELEMENTOS DE ENTRADA SECUNDARIOS (KOHA)
Fuente del sistema de clasificación o colocación Clasificación decimal universal
Holdings
Estatus retirado Estado de pérdida Estado de daño No para préstamo Biblioteca de origen Biblioteca actual Ubicación en estantería Fecha de adquisición Total de préstamos Signatura topográfica completa Código de barras Visto por última vez Precio de reemplazo Tipo de ítem Koha
        Biblioteca del Ateneo de Madrid Biblioteca del Ateneo de Madrid Sala Palomar 10/03/2009   C-6627(5) 1178936 23/02/2023 23/02/2023 Libro impreso